[Event "Barcelona Sants op 14th"]
[Site "Barcelona"]
[Date "2012.08.17"]
[Round "1"]
[White "Narciso Dublan, Marc"]
[Black "Ponce Garcia, Joan"]
[Result "1-0"]
[WhiteElo "2528"]
[BlackElo "2102"]
[PlyCount "77"]
[EventDate "2012.08.17"]
[EventType "swiss"]
[EventRounds "10"]
[EventCountry "ESP"]
[SourceTitle "CBM 150 Extra"]
[Source "ChessBase"]
[SourceDate "2012.10.19"]
[SourceVersion "1"]
[SourceVersionDate "2012.10.19"]
[SourceQuality "1"]

1. d4 Nf6 2. c4 g6 3. Nc3 Bg7 4. e4 d6 5. Be2 0-0 6. Nf3 e5 7. d5 a5 8. Bg5 h6 9. Bh4 Na6 10. Nd2 Qe8 11. 0-0 Bd7 12. Kh1 h5 13. f3 Nh7 14. a3 Bh6 15. b3 Be3 16. Ra2 Bd4 17. Qc1 g5 18. Bf2 Bxf2 19. Rxf2 f6 20. Nf1 Qg6 21. Rb2 Rf7 22. b4 g4 23. f4 Qh6 24. Qe3 Raf8 25. f5 Ng5 26. c5 axb4 27. axb4 Rg7 28. c6 h4 29. Bxa6 g3 30. Rfc2 bxc6 31. h3 Ra8 32. dxc6 Rxa6 33. cxd7 Rxd7 34. Qe2 Ra1 35. Ra2 Rxa2 36. Rxa2 Rg7 37. Ne3 Nxh3 38. gxh3 g2+ 39. Nxg2 1-0

[Event "Barcelona Sant Marti op-A 14th"]
[Site "Barcelona"]
[Date "2012.07.17"]
[Round "5"]
[White "Diaz Flores Garcia, Pablo"]
[Black "Ponce Garcia, Joan"]
[Result "1-0"]
[WhiteElo "2018"]
[BlackElo "2102"]
[PlyCount "59"]
[EventDate "2012.07.13"]
[EventType "swiss"]
[EventRounds "9"]
[EventCountry "ESP"]
[SourceTitle "CBM 149 Extra"]
[Source "ChessBase"]
[SourceDate "2012.08.24"]
[SourceVersion "1"]
[SourceVersionDate "2012.08.24"]
[SourceQuality "1"]

1. d4 Nf6 2. Bg5 c5 3. e3 Qb6 4. Bxf6 gxf6 5. Nf3 Qxb2 6. Nbd2 cxd4 7. Rb1 Qc3 8. Nxd4 Nc6 9. Rb3 Qa5 10. Rb5 Qc7 11. Bd3 Nxd4 12. exd4 Qc3 13. 0-0 Qxd4 14. Qf3 a6 15. Rd5 Qb4 16. Ne4 Bg7 17. c3 Qa3 18. Re1 Kf8 19. Bc4 d6 20. Rg5 Be6 21. Bxe6 fxe6 22. Rxg7 Kxg7 23. Qg4+ Kh6 24. Qxe6 Rhf8 25. Ng3 Rae8 26. Nf5+ Kg6 27. h4 Qb2 28. Re3 h6 29. Nxe7+ Kg7 30. Rg3+ 1-0

[Event "Barcelona Sant Marti op-A 14th"]
[Site "Barcelona"]
[Date "2012.07.16"]
[Round "4"]
[White "Ponce Garcia, Joan"]
[Black "Porta Tovar, Guillem"]
[Result "0-1"]
[WhiteElo "2102"]
[BlackElo "1846"]
[PlyCount "90"]
[EventDate "2012.07.13"]
[EventType "swiss"]
[EventRounds "9"]
[EventCountry "ESP"]
[SourceTitle "CBM 149 Extra"]
[Source "ChessBase"]
[SourceDate "2012.08.24"]
[SourceVersion "1"]
[SourceVersionDate "2012.08.24"]
[SourceQuality "1"]

1. d4 Nf6 2. c4 g6 3. Nc3 Bg7 4. e4 d6 5. Be2 0-0 6. Nf3 e5 7. dxe5 dxe5 8. Qxd8 Rxd8 9. Bg5 c6 10. 0-0 h6 11. Be3 Ng4 12. Bc5 Na6 13. Ba3 Nf6 14. Rad1 Bg4 15. Rxd8+ Rxd8 16. Rd1 Rxd1+ 17. Bxd1 Bxf3 18. Bxf3 Bf8 19. Bxf8 Kxf8 20. a3 Nc5 21. b4 Ne6 22. Bd1 Nd4 23. f3 Ke7 24. Kf2 Ne8 25. Ke3 Nc7 26. f4 f6 27. Ne2 Nce6 28. g3 g5 29. fxe5 fxe5 30. Nxd4 Nxd4 31. c5 b6 32. Kd3 Kd7 33. a4 bxc5 34. bxc5 a5 35. h4 gxh4 36. gxh4 Ke6 37. Bg4+ Ke7 38. Kc4 Nc2 39. Kd3 Ne1+ 40. Ke2 Ng2 41. h5 Nf4+ 42. Ke3 Kf6 43. Bd7 Kg5 44. Bxc6 Ne6 45. Be8 Nxc5 0-1

[Event "Barcelona Sant Marti op-A 14th"]
[Site "Barcelona"]
[Date "2012.07.13"]
[Round "1"]
[White "Prasanna Raghuram, Rao"]
[Black "Ponce Garcia, Joan"]
[Result "1-0"]
[WhiteElo "2428"]
[BlackElo "2102"]
[PlyCount "94"]
[EventDate "2012.07.13"]
[EventType "swiss"]
[EventRounds "9"]
[EventCountry "ESP"]
[SourceTitle "CBM 149 Extra"]
[Source "ChessBase"]
[SourceDate "2012.08.24"]
[SourceVersion "1"]
[SourceVersionDate "2012.08.24"]
[SourceQuality "1"]

1. e4 e6 2. d4 d5 3. Nd2 Nf6 4. e5 Nfd7 5. Ngf3 c5 6. c3 Nc6 7. Bd3 cxd4 8. cxd4 Qb6 9. 0-0 Nxd4 10. Nxd4 Qxd4 11. Nf3 Qb6 12. Qa4 Qb4 13. Qc2 Qc5 14. Qe2 h6 15. Be3 Qc7 16. Rac1 Qd8 17. Nd4 Nxe5 18. Nb5 Bd6 19. Bf4 f6 20. Bg6+ Ke7 21. Rfe1 a6 22. Nxd6 Qxd6 23. Qh5 Bd7 24. Qh4 Rhc8 25. Rcd1 Rc4 26. Be4 Kf8 27. b3 Rcc8 28. Bb1 Qe7 29. Qg3 Nf7 30. Rxd5 Bc6 31. Rdd1 Rd8 32. Rc1 Rac8 33. Be3 Bd5 34. Bb6 Rxc1 35. Rxc1 Kg8 36. Bxd8 Qxd8 37. Qc7 Qxc7 38. Rxc7 f5 39. Bd3 Ne5 40. Bc4 Nxc4 41. bxc4 Bc6 42. f3 e5 43. Kf2 e4 44. fxe4 Bxe4 45. g3 h5 46. h4 Bc6 47. Ke3 Kh8 1-0

[Event "Barcelona op-A"]
[Site "Barcelona"]
[Date "2003.??.??"]
[Round "4"]
[White "Ponce Garcia, Joan"]
[Black "Cortes Ventura, Joaquim"]
[Result "0-1"]
[WhiteElo "2145"]
[BlackElo "2069"]
[PlyCount "94"]
[EventDate "2003.04.??"]
[EventType "swiss"]
[EventRounds "7"]
[EventCountry "ESP"]
[SourceTitle "EXT 2010"]
[Source "ChessBase"]
[SourceDate "2010.11.25"]
[SourceVersion "1"]
[SourceVersionDate "2010.11.25"]
[SourceQuality "1"]

1. d4 Nf6 2. c4 g6 3. Nc3 d5 4. cxd5 Nxd5 5. e4 Nxc3 6. bxc3 Bg7 7. Nf3 c5 8. Rb1 0-0 9. Be2 cxd4 10. cxd4 Qa5+ 11. Bd2 Qxa2 12. 0-0 b6 13. Qc1 Qe6 14. Bc4 Qxe4 15. Bxf7+ Rxf7 16. Qxc8+ Rf8 17. Qc4+ e6 18. Rbc1 Qd5 19. Ng5 Re8 20. Rfe1 Nd7 21. Nxe6 Qxc4 22. Rxc4 Nf8 23. Nxg7 Rxe1+ 24. Bxe1 Kxg7 25. d5 Rd8 26. Rd4 Rd7 27. Bc3 Kf7 28. Rf4+ Ke8 29. Re4+ Re7 30. f3 Nd7 31. Kf2 Nc5 32. Rd4 Kd7 33. Bb4 Kd6 34. Re4 Rf7 35. Rd4 Rf5 36. Bxc5+ Kxc5 37. Rh4 Rf7 38. Ke3 Kxd5 39. Kd3 b5 40. Rb4 a5 41. Rd4+ Kc5 42. Re4 Rd7+ 43. Kc3 b4+ 44. Kb3 Rd3+ 45. Kc2 Rc3+ 46. Kb2 a4 47. Re7 a3+ 0-1

[Event "Buenos Aires tt2"]
[Site "Buenos Aires"]
[Date "2000.??.??"]
[Round "3"]
[White "Lo Presti, Roberto"]
[Black "Ponce Garcia, Joan"]
[Result "1-0"]
[WhiteElo "2084"]
[BlackElo "2143"]
[PlyCount "98"]
[EventDate "2000.??.??"]
[EventType "team"]
[EventRounds "7"]
[EventCountry "ARG"]
[SourceTitle "EXT 2001"]
[Source "ChessBase"]
[SourceDate "2000.11.22"]
[SourceVersion "1"]
[SourceVersionDate "2000.11.22"]
[SourceQuality "1"]

1. e4 c6 2. d4 d5 3. e5 Bf5 4. Nf3 e6 5. Be2 Nd7 6. 0-0 h6 7. b3 Ne7 8. Nh4 Bh7 9. Bd3 Bxd3 10. Qxd3 g5 11. Nf3 Nf5 12. c4 g4 13. Ne1 Qb6 14. Be3 h5 15. Nc3 Nh4 16. Bg5 Be7 17. Bxe7 Kxe7 18. Rc1 Rag8 19. cxd5 exd5 20. g3 Nf3+ 21. Nxf3 gxf3 22. Na4 Qb4 23. Nc5 Nxc5 24. Rxc5 h4 25. a3 Qxa3 26. Qxf3 Rg6 27. Qc3 hxg3 28. fxg3 Qa2 29. Qc2 Qxc2 30. Rxc2 f6 31. Rcf2 fxe5 32. Rf7+ Ke6 33. Rxb7 exd4 34. Re1+ Kd6 35. b4 Rh4 36. Ree7 c5 37. Red7+ Ke6 38. bxc5 Ke5 39. Re7+ Kf5 40. Rbd7 Rhg4 41. Rxd5+ Kf6 42. Rxa7 Ke6 43. Rd6+ Ke5 44. Re7+ Kf5 45. Rxg6 Rxg6 46. Rd7 Ke5 47. Rd6 Rg8 48. Kf2 Rc8 49. Rh6 Kd5 1-0

[Event "ARG-chT"]
[Site "Buenos Aires"]
[Date "1999.??.??"]
[Round "1"]
[White "Ponce Garcia, Joan"]
[Black "Niegovich, Jorge"]
[Result "0-1"]
[WhiteElo "2090"]
[BlackElo "2185"]
[PlyCount "72"]
[EventDate "1999.??.??"]
[EventType "team"]
[EventRounds "5"]
[EventCountry "ARG"]
[SourceTitle "EXT 2002"]
[Source "ChessBase"]
[SourceDate "2001.11.25"]
[SourceVersion "1"]
[SourceVersionDate "2001.11.25"]
[SourceQuality "1"]

1. d4 Nf6 2. c4 c5 3. d5 e6 4. Nc3 exd5 5. cxd5 d6 6. e4 g6 7. Nf3 a6 8. Bg5 Bg7 9. a4 h6 10. Be3 Ng4 11. Bf4 Qe7 12. Bd3 Nd7 13. 0-0 g5 14. Bg3 h5 15. h3 Nge5 16. Nxe5 Nxe5 17. f4 gxf4 18. Bxf4 Ng6 19. Be3 Be5 20. Ne2 Nh4 21. Rf2 Rg8 22. Kh1 c4 23. Bc2 Bxb2 24. Rb1 Be5 25. Qe1 Ng6 26. Qf1 b5 27. a5 h4 28. Rf3 Bd7 29. Nd4 Bxd4 30. Bxd4 Ne5 31. Rf6 0-0-0 32. Qf2 Rg3 33. Ba7 Bxh3 34. gxh3 Rxh3+ 35. Kg2 Rh2+ 36. Kxh2 Ng4+ 0-1

[Event "ESP Ronda op"]
[Site "Spain"]
[Date "1998.??.??"]
[Round "?"]
[White "Ponce Garcia, Joan"]
[Black "Janssen, Ruud"]
[Result "1/2-1/2"]
[WhiteElo "2180"]
[BlackElo "2070"]
[PlyCount "54"]
[EventDate "1998.??.??"]
[EventType "swiss"]
[EventRounds "9"]
[EventCountry "ESP"]
[SourceTitle "EXT 2003"]
[Source "ChessBase"]
[SourceDate "2002.11.25"]
[SourceVersion "1"]
[SourceVersionDate "2002.11.25"]
[SourceQuality "1"]

1. d4 Nf6 2. c4 g6 3. Nc3 d5 4. cxd5 Nxd5 5. e4 Nxc3 6. bxc3 Bg7 7. Nf3 c5 8. Rb1 0-0 9. Be2 Nc6 10. d5 Ne5 11. Nxe5 Bxe5 12. Qd2 e6 13. f4 Bg7 14. Bc4 exd5 15. Bxd5 Qa5 16. Bb2 c4 17. 0-0 Rd8 18. Qe2 Qc5+ 19. Kh1 Be6 20. Bxe6 fxe6 21. Rbd1 Qb6 22. f5 Rxd1 23. Rxd1 Rd8 24. Rf1 gxf5 25. exf5 exf5 26. Qxc4+ Kh8 27. Bc1 Qc6 1/2-1/2

[Event "Barcelona op rap"]
[Site "Barcelona"]
[Date "1996.12.15"]
[Round "8"]
[White "Ponce Garcia, Joan"]
[Black "Medina Garcia, Mariano"]
[Result "1-0"]
[WhiteElo "2195"]
[BlackElo "2045"]
[PlyCount "54"]
[EventDate "1996.12.??"]
[EventType "swiss (rapid)"]
[EventRounds "8"]
[EventCountry "ESP"]
[SourceTitle "EXT 2001"]
[Source "ChessBase"]
[SourceDate "2000.11.22"]
[SourceVersion "1"]
[SourceVersionDate "2000.11.22"]
[SourceQuality "1"]

1. d4 Nf6 2. c4 e6 3. Nc3 c6 4. e4 Bb4 5. Bd3 d6 6. Nge2 Nbd7 7. 0-0 0-0 8. a3 Ba5 9. b4 Bc7 10. Bb2 Ng4 11. h3 Ngf6 12. Ng3 Re8 13. Nce2 Nf8 14. e5 N6d7 15. f4 Ng6 16. Ne4 dxe5 17. fxe5 Qe7 18. c5 b6 19. Qd2 Rf8 20. Ng5 Bb7 21. Rac1 Rad8 22. Qe3 Rfe8 23. Ng3 f6 24. Nxe6 Ndxe5 25. dxe5 Nxe5 26. Bxe5 Bxe5 27. Nxd8 Rxd8 1-0

[Event "Barcelona op rap"]
[Site "Barcelona"]
[Date "1996.12.14"]
[Round "1"]
[White "Caparros Fernandez, Xavier"]
[Black "Ponce Garcia, Joan"]
[Result "0-1"]
[WhiteElo "1800"]
[BlackElo "2210"]
[PlyCount "35"]
[EventDate "1996.12.??"]
[EventType "swiss (rapid)"]
[EventRounds "8"]
[EventCountry "ESP"]
[SourceTitle "EXT 2001"]
[Source "ChessBase"]
[SourceDate "2000.11.22"]
[SourceVersion "1"]
[SourceVersionDate "2000.11.22"]
[SourceQuality "1"]

1. d4 Nf6 2. Nc3 d5 3. Nf3 g6 4. Bg5 Bg7 5. Qd2 Ne4 6. Qe3 Nxg5 7. Qxg5 c6 8. e3 Qb6 9. Rb1 Na6 10. a3 Nc7 11. Bd3 Ne6 12. Qg3 Bf6 13. 0-0 Ng7 14. Nd2 Bf5 15. Bxf5 Nxf5 16. Qf3 0-0 17. Qe2 Rad8 18. Nf3 0-1